|
|
|
|
| LEADER |
00000nam0a2200000 4500 |
| 001 |
303935 |
| 005 |
20231102001642.0 |
| 035 |
|
|
|a (RuTPU)RU\TPU\book\329170
|
| 090 |
|
|
|a 303935
|
| 100 |
|
|
|a 20150908d1982 k y0rusy50 ca
|
| 101 |
0 |
|
|a rus
|
| 102 |
|
|
|a RU
|
| 105 |
|
|
|a a z 001zy
|
| 200 |
1 |
|
|a Отливки из ванадийсодержащих сталей
|f А. А. Филиппенков
|
| 210 |
|
|
|a Москва
|c Машиностроение
|d 1982
|
| 215 |
|
|
|a 126 с.
|c ил.
|
| 320 |
|
|
|a Библиогр.: с. 122-125
|
| 606 |
|
|
|a Ванадий
|x Влияние на свойства сталей
|2 stltpush
|3 (RuTPU)RU\TPU\subj\22051
|9 46936
|
| 610 |
1 |
|
|a ванадийсодержащие стали
|
| 610 |
1 |
|
|a легирование
|
| 610 |
1 |
|
|a отливки
|
| 610 |
1 |
|
|a физико-механические свойства
|
| 610 |
1 |
|
|a структура
|
| 610 |
1 |
|
|a прогрессивные способы
|
| 610 |
1 |
|
|a испытания
|
| 610 |
1 |
|
|a внедрение
|
| 610 |
1 |
|
|a экономическая эффективность
|
| 610 |
1 |
|
|a производство
|
| 675 |
|
|
|a 669.15'2
|v 4
|
| 700 |
|
1 |
|a Филиппенков
|b А. А.
|g Анатолий Анатольевич
|
| 801 |
|
1 |
|a RU
|b 63413507
|c 20150908
|
| 801 |
|
2 |
|a RU
|b 63413507
|c 20181003
|g RCR
|
| 942 |
|
|
|c BK
|